header

Primary education for all in the city of Mumbai, India: (Record no. 264443)

MARC details
000 -LEADER
fixed length control field 00536nam a22001817a 4500
003 - CONTROL NUMBER IDENTIFIER
control field OSt
005 - DATE AND TIME OF LATEST TRANSACTION
control field 20240902114135.0
008 - FIXED-LENGTH DATA ELEMENTS--GENERAL INFORMATION
fixed length control field 240902b xxu||||| |||| 00| 0 eng d
040 ## - CATALOGING SOURCE
Transcribing agency RU
050 ## - LIBRARY OF CONGRESS CALL NUMBER
Classification number LA1052
Item number .J864 2001
100 ## - MAIN ENTRY--PERSONAL NAME
Personal name Juneja, Nalini
110 ## - MAIN ENTRY--CORPORATE NAME
Corporate name or jurisdiction name as entry element UNESCO IIEP [3195]
245 ## - TITLE STATEMENT
Title Primary education for all in the city of Mumbai, India:
Remainder of title the challenge set by local actors
260 ## - PUBLICATION, DISTRIBUTION, ETC. (IMPRINT)
Place of publication, distribution, etc India, New Delhi
Name of publisher, distributor, etc IIEP
Date of publication, distribution, etc 2001
300 ## - PHYSICAL DESCRIPTION
Extent 161p.
490 ## - SERIES STATEMENT
Series statement School mapping and local-level planning [4]
942 ## - ADDED ENTRY ELEMENTS (KOHA)
Source of classification or shelving scheme Library of Congress Classification
Koha item type Long Loan Books
Holdings
Withdrawn status Lost status Source of classification or shelving scheme Damaged status Not for loan Collection code Home library Current library Shelving location Date acquired Total Checkouts Full call number Barcode Date last seen Price effective from Koha item type
    Library of Congress Classification     Non-fiction Rongo University Library Rongo University Library General Stacks 02/09/2024   LA1052 .J864 2001 202401020 02/09/2024 02/09/2024 Long Loan Books

© 2026 Rongo University
Contact us: librarian | system librarian | Rongo university